Normal view
MARC view
Entry Personal Name
001 - CONTROL NUMBER
- control field: 660589
003 - CONTROL NUMBER IDENTIFIER
- control field: OSt
005 - DATE AND TIME OF LATEST TRANSACTION
- control field: 20221006152025.0
008 - FIXED-LENGTH DATA ELEMENTS
- fixed length control field: 221006|| aca||aabn | a|a d
040 ## - CATALOGING SOURCE
- Original cataloging agency: OSt
- Transcribing agency: OSt
100 ## - HEADING--PERSONAL NAME
- Personal name: BEIJING RIBEN XIAS YAN JIV SHE Ed
670 ## - SOURCE DATA FOUND
- Source citation: Work cat.: (OSt)1092336: BEIJING RIBEN XIAS YAN JIV SHE Ed., Ribenxiao luon cong shan III, 1992
